[Event "20th TCh-CRO 1a"]
[Site "Sibenik CRO"]
[Date "2011.10.10"]
[Round "7.1"]
[White "Rogulj,B"]
[Black "Rade,M"]
[Result "1-0"]
[WhiteElo "2394"]
[BlackElo "2428"]

1.e4 e5 2.Nf3 Nc6 3.Bb5 a6 4.Ba4 Nf6 5.O-O Be7 6.Re1 b5 7.Bb3 d6 8.c3 O-O
9.h3 Bb7 10.d4 Na5 11.Bc2 Nc4 12.b3 Nb6 13.Nbd2 Nfd7 14.Nf1 Re8 15.Ng3 g6
16.a4 bxa4 17.bxa4 a5 18.Bb3 Ba6 19.Nf1 Nc4 20.Qe2 Ndb6 21.Qa2 Kg7 22.Ne3 Nxe3
23.Bxe3 f6 24.Rad1 Nd7 25.Bf7 Rh8 26.Be6 Bc8 27.Bd5 Ra6 28.Bc4 Ra8 29.dxe5 Nxe5
30.Nxe5 fxe5 31.Qd2 Re8 32.Bh6+ Kh8 33.Qd5 Bd7 34.Qf7 Bf6 35.Rd3 Qe7 36.Rf3 Qxf7
37.Bxf7 Be7 38.Bxe8 Rxe8 39.c4 g5 40.Rb1 Bxa4 41.Rb7 Bd8 42.Rb8 Kg8 43.Ra8 Bc6
44.Rxa5 Bxe4 45.Rg3 Kf7 46.Bxg5 Bxg5 47.Rxg5 Rb8 48.Ra7 Kf6 49.Rg3 c6 50.Rc7 Rb6
51.Rg8 Bd3 52.Rf8+ Ke6 53.Re8+ Kf6 54.Rec8 Bf5 55.Rf8+ Ke6 56.g4 Bd3 57.Re8+ Kf6
58.Rec8 Be4 59.f3  1-0

[Event "Mitropa Cup Women"]
[Site "Merlimont FRA"]
[Date "2011.10.13"]
[Round "7.6"]
[White "Hapala,L"]
[Black "Motycakova,M"]
[Result "1/2-1/2"]
[WhiteElo "1931"]
[BlackElo "2102"]

1.e4 e5 2.Nf3 Nc6 3.Bb5 a6 4.Ba4 Nf6 5.O-O Be7 6.Re1 b5 7.Bb3 d6 8.c3 O-O
9.h3 Bb7 10.d4 Re8 11.Nbd2 Bf8 12.a3 Na5 13.Ba2 exd4 14.cxd4 Nxe4 15.Nxe4 Bxe4
16.Bxf7+ Kxf7 17.Rxe4 Rxe4 18.Ng5+ Kg8 19.Nxe4 d5 20.Ng5 h6 21.Ne6 Qd7 22.Nxf8 Rxf8
23.Bd2 Nc6 24.Be3 Ne7 25.a4 c6 26.axb5 axb5 27.Ra6 Qb7 28.Qa1 Nf5 29.Ra7 Qb6
30.b3 Re8 31.Rd7 Nxe3 32.fxe3 Qb8 33.Qe1 Qc8 34.Ra7 Qe6 35.Rc7 Qd6 36.Rb7 c5
37.dxc5 Qxc5 38.Qg3 Qxe3+ 39.Qxe3 Rxe3 40.Rxb5 Kf7 41.Rxd5  1/2-1/2

[Event "5th SPICE Cup GpC"]
[Site "Lubbock USA"]
[Date "2011.10.15"]
[Round "1"]
[White "Friedel,J"]
[Black "Bartholomew,J"]
[Result "1/2-1/2"]
[WhiteElo "2518"]
[BlackElo "2440"]

1.e4 e5 2.Nf3 Nc6 3.Bb5 a6 4.Ba4 Nf6 5.O-O Be7 6.Re1 b5 7.Bb3 d6 8.c3 O-O
9.h3 Bb7 10.d4 Re8 11.Nbd2 Bf8 12.a3 g6 13.Ng5 Re7 14.d5 Nb8 15.Ba2 Nbd7
16.b4 Nb6 17.c4 bxc4 18.Nxc4 Nxc4 19.Bxc4 h6 20.Nf3 c6 21.dxc6 Bxc6 22.Nd2 Qb6
23.Bd3 d5 24.exd5 Bxd5 25.Bb2 Rd8 26.Qc2 e4 27.Bxf6 exd3 28.Qc3 Rxe1+ 29.Rxe1 Rd6
30.Be7 Qc6 31.Qxd3 Bxe7 32.Rxe7 Bxg2 33.Qc4 Bd5 34.Qxc6 Rxc6 35.Re5 Rd6 36.Ne4  1/2-1/2

[Event "Chigorin Memorial Open"]
[Site "St Petersburg RUS"]
[Date "2011.10.16"]
[Round "3.125"]
[White "Edilsultanova,Zalina"]
[Black "Tokabayev,A"]
[Result "0-1"]
[WhiteElo "1621"]
[BlackElo "1950"]

1.e4 e5 2.Nf3 Nc6 3.Bb5 a6 4.Ba4 Nf6 5.O-O Be7 6.Re1 b5 7.Bb3 d6 8.c3 O-O
9.h3 Bb7 10.d4 Re8 11.Nbd2 Bf8 12.d5 Nb8 13.Nf1 c6 14.Ng3 cxd5 15.exd5 g6
16.Bg5 Be7 17.a4 Nbd7 18.Ba2 Nb6 19.Bxf6 Bxf6 20.a5 Nc4 21.b4 Rc8 22.Ne4 Be7
23.Bxc4 Rxc4 24.Qd2 Kg7 25.g4 Qc8 26.Kh2 h6 27.Rad1 f5 28.gxf5 Qxf5 29.Qe3 Rf8
30.Nfd2 Rc7 31.Nf1 Bc8 32.Rd3 Qf4+ 33.Qxf4 Rxf4 34.Nfd2 Bf5 35.Nf3 Bxe4  0-1

[Event "49th ch-IND NatA"]
[Site "Aurangabad IND"]
[Date "2011.10.17"]
[Round "9"]
[White "Sharma,Di"]
[Black "Babu,NS"]
[Result "1/2-1/2"]
[WhiteElo "2361"]
[BlackElo "2319"]

1.e4 e5 2.Nf3 Nc6 3.Bb5 a6 4.Ba4 Nf6 5.O-O Be7 6.Re1 b5 7.Bb3 d6 8.c3 O-O
9.h3 Bb7 10.d4 Re8 11.Ng5 Rf8 12.Nf3 Re8 13.Ng5 Rf8 14.Nf3 Re8 15.Ng5 Rf8
16.Nf3 Re8 17.Nbd2 Bf8 18.a3 Na5 19.Bc2 c5 20.b4 Nc6 21.d5 Nb8 22.bxc5 dxc5
23.Nf1 Bd6 24.Ne3 Nbd7 25.Kh1 g6 26.Rb1 Rb8 27.Bd2 Bc8 28.Rg1 Qc7 29.a4 bxa4
30.Ra1 Nf8 31.Bxa4 Rd8 32.Bc2  1/2-1/2

[Event "49th ch-IND NatA"]
[Site "Aurangabad IND"]
[Date "2011.10.19"]
[Round "11"]
[White "Konguvel,P"]
[Black "Babu,NS"]
[Result "0-1"]
[WhiteElo "2384"]
[BlackElo "2319"]

1.e4 e5 2.Nf3 Nc6 3.Bb5 a6 4.Ba4 Nf6 5.O-O Be7 6.Re1 b5 7.Bb3 d6 8.c3 O-O
9.h3 Bb7 10.d4 Re8 11.Nbd2 Bf8 12.a4 h6 13.d5 Nb8 14.c4 bxc4 15.Nxc4 c6 16.dxc6 Nxc6
17.a5 Rb8 18.Ba4 Nxe4 19.Rxe4 d5 20.Rxe5 dxc4 21.Rd5 Qf6 22.Be3 Ne5 23.Nxe5 Bxd5
24.Ng4 Qe6 25.Bxe8 Rxe8 26.Bxh6 Bxg2 27.Kxg2 gxh6 28.Qf3 Bg7 29.Ra3 Qe4 30.Ra4 Qg6
31.Kh2 Re4 32.Ra1 Qd6+ 33.Kg2 Rf4 34.Rd1 Bd4 35.Qg3 Kh7 36.b3 h5 37.Ne3 cxb3
38.Qg5 Qg6 39.Qxg6+ Kxg6 40.Nd5 Rxf2+ 41.Kg3 h4+ 42.Kxh4 b2 43.Kg3 Rd2 44.Nf4+ Kf5
45.Rf1 Be5  0-1

[Event "TCh-SVK Extraliga 2011-12"]
[Site "Slovakia SVK"]
[Date "2011.10.22"]
[Round "1"]
[White "Pinter,E"]
[Black "Lanc,A"]
[Result "1-0"]
[WhiteElo "2383"]
[BlackElo "2367"]

1.e4 e5 2.Nf3 Nc6 3.Bb5 a6 4.Ba4 Nf6 5.O-O Be7 6.Re1 b5 7.Bb3 d6 8.c3 O-O
9.h3 Bb7 10.d4 Re8 11.Ng5 Rf8 12.Nf3 Re8 13.Nbd2 Bf8 14.Bc2 h6 15.d5 Nb8
16.b3 c6 17.c4 Nbd7 18.Nf1 bxc4 19.bxc4 Nc5 20.N3d2 cxd5 21.cxd5 a5 22.Nb3 Nfd7
23.Nxc5 Nxc5 24.Be3 Rc8 25.Qd2 Be7 26.Ng3 Bg5 27.Bd1 g6 28.Be2 Bxe3 29.Qxe3 Qh4
30.Rab1 Qf4 31.Qa3 Ra8 32.Rb6 Qf6 33.Qxc5  1-0

[Event "FSFMC November"]
[Site "Budapest HUN"]
[Date "2011.11.05"]
[Round "1"]
[White "Mihajlova,D"]
[Black "Kalman,Tamas"]
[Result "0-1"]
[WhiteElo "1454"]
[BlackElo "1618"]

1.e4 e5 2.Nf3 Nc6 3.Bb5 a6 4.Ba4 Nf6 5.O-O Be7 6.Re1 b5 7.Bb3 O-O 8.c3 d6
9.h3 Bb7 10.d4 exd4 11.cxd4 Nb8 12.Bc2 Nbd7 13.Nbd2 Re8 14.Nf1 h6 15.Ng3 Bf8
16.Nh2 g6 17.Be3 Bg7 18.d5 Ne5 19.b3 c6 20.Qd2 cxd5 21.Bxh6 Rc8 22.Kh1 Rxc2
23.Qxc2 Bxh6 24.exd5 Nxd5 25.Rad1 Qh4 26.Nf3 Qb4 27.Nxe5 dxe5 28.Ne4 Bg7
29.Rd3 Qxe1+  0-1

[Event "1st Novara Open A"]
[Site "Novara ITA"]
[Date "2011.11.05"]
[Round "2"]
[White "Bellia,F"]
[Black "Cereda,L"]
[Result "1/2-1/2"]
[WhiteElo "2418"]
[BlackElo "2206"]

1.e4 e5 2.Nf3 Nc6 3.Bb5 a6 4.Ba4 Nf6 5.O-O Be7 6.Re1 b5 7.Bb3 d6 8.c3 O-O
9.h3 Bb7 10.d4 Re8 11.Nbd2 Bf8 12.d5 Nb8 13.Nf1 Nbd7 14.Ng3 Nc5 15.Bc2 c6
16.b4 Ncd7 17.dxc6 Bxc6 18.Bb3 h6 19.Nh2 Nb6 20.Ng4 Nc4 21.Qf3 Nxg4 22.Qxg4 Bd7
23.Nf5 Re6 24.Bxc4 bxc4 25.Qe2 Rc8 26.Rd1 Rf6 27.Ne3 Rg6 28.Kh2 Qg5 29.g3 Qe7
30.Nd5 Qe6 31.Qh5 Ba4 32.Rd2 Rg5 33.Qe2 Bd7 34.g4 h5 35.Rd1 Rg6 36.f3 hxg4
37.hxg4 Ba4 38.Be3 Bxd1 39.Qxd1 Qe8 40.Kg3 Be7 41.Qd2 Bd8 42.Rh1 Qe6 43.Rh5 f6
44.Qh2 Kf7 45.Kf2 Be7 46.Rh7 Rg8 47.Qh5 Bd8 48.Qf5 Rf8 49.Qh5 Rg8 50.a4 Rf8
51.b5 axb5 52.axb5 Qe8 53.b6 Qa4 54.Rh8 Qc2+ 55.Kg3 Rxh8 56.Qxh8 Bxb6 57.Nxb6 Qe2
58.Nd5 Rh6 59.Bxh6 Qe1+ 60.Kg2 Qe2+ 61.Kg1 Qe1+ 62.Kg2 Qe2+  1/2-1/2

[Event "TCh-NED Meesterklasse 2011-12"]
[Site "Netherlands NED"]
[Date "2011.11.26"]
[Round "3.8"]
[White "Zwirs,Nico"]
[Black "Henseler,J"]
[Result "1/2-1/2"]
[WhiteElo "2176"]
[BlackElo "2073"]

1.e4 e5 2.Nf3 Nc6 3.Bb5 a6 4.Ba4 Nf6 5.O-O Be7 6.Re1 b5 7.Bb3 d6 8.c3 O-O
9.h3 Bb7 10.d4 Re8 11.Nbd2 Bf8 12.Bc2 g6 13.d5 Ne7 14.a4 Bg7 15.b4 c6 16.dxc6 Bxc6
17.Nb3 d5 18.exd5 Nfxd5 19.Bd2 Qc7 20.Nc5 Nf4 21.Be4 Bxe4 22.Rxe4 Ned5 23.Qb3 Qc8
24.Rd1 Qf5 25.Nh2 h5 26.Nf1 h4 27.Nh2 Bf8 28.Ng4 Kg7 29.Bxf4 Nxf4 30.Rde1 Bxc5
31.bxc5 Nd3 32.axb5 axb5 33.Qxb5 Nxe1 34.Rxe1 Rab8 35.Qa4 Ra8 36.Qc4 Rac8
37.c6 Qe6 38.Qd3 Qxc6 39.Qd2 Kg8 40.Qh6 Re6 41.Re3 e4 42.Qxh4 Ra8 43.Rxe4 Rxe4
44.Nf6+ Kg7 45.Nxe4 Ra4 46.f3 Qxc3 47.Qe7 Qe3+ 48.Kh2 Qf4+ 49.Ng3 Ra5 50.Qe4 Qxe4
51.Nxe4 Ra2 52.h4 f5 53.Ng5 Kf6 54.Kg3 f4+ 55.Kh3 Kf5 56.Ne4 Ra1 57.Kh2 Rb1
58.Nd2 Ra1 59.Ne4 Rb1 60.Nf2 Ra1 61.Ng4 Rb1 62.Nh6+ Ke5 63.Kh3 Rh1+ 64.Kg4 Kf6
65.Kxf4 Rxh4+ 66.Ng4+ Kg7 67.g3 Rh1 68.Ne5 Ra1 69.Kg5 Ra5 70.f4 Rb5 71.Kg4 Rb3
72.Nf3 Kf6 73.Nd2 Rb4 74.Nf3 Ra4 75.Ne5 Rd4 76.Kf3 g5 77.Ng4+ Kf5 78.Ne3+ Kf6
79.Ng4+ Kf5 80.Ne3+ Kf6 81.Ng4+  1/2-1/2

[Event "47th American Open"]
[Site "Orange USA"]
[Date "2011.11.26"]
[Round "5"]
[White "Peters,Ja"]
[Black "Akopyan,H"]
[Result "1-0"]
[WhiteElo "2360"]
[BlackElo "2233"]

1.e4 e5 2.Nf3 Nc6 3.Bb5 a6 4.Ba4 Nf6 5.O-O Be7 6.Re1 b5 7.Bb3 d6 8.c3 O-O
9.h3 Bb7 10.d4 Re8 11.Nbd2 Bf8 12.a3 h6 13.Bc2 Nb8 14.b4 Nbd7 15.Bb2 g6 16.c4 exd4
17.cxb5 axb5 18.Nxd4 c6 19.Rc1 Qb6 20.N4b3 c5 21.bxc5 dxc5 22.e5 Nh5 23.Qg4 Rad8
24.Bf5 Nb8 25.e6 Ng7 26.Ne4 Be7 27.Nf6+ Bxf6 28.exf7+  1-0

[Event "ITT Pre Jahv Mcgregor"]
[Site "Silvania COL"]
[Date "2011.12.02"]
[Round "4"]
[White "Perez Rodriguez,L"]
[Black "Martinez Romero,M"]
[Result "1/2-1/2"]
[WhiteElo "2475"]
[BlackElo "2343"]

1.e4 e5 2.Nf3 Nc6 3.Bb5 a6 4.Ba4 Nf6 5.O-O Be7 6.Re1 b5 7.Bb3 d6 8.c3 O-O
9.h3 Bb7 10.d4 Re8 11.Nbd2 h6 12.Nf1 Bf8 13.Ng3 Na5 14.Bc2 g6 15.a4 exd4
16.cxd4 Bg7 17.Bf4 Nd7 18.b3 c5 19.Qd2 h5 20.Bg5 Qb6 21.Bh6 Bh8 22.axb5 axb5
23.Rad1 cxd4 24.Nxd4 Bxd4 25.Qxd4 Qxd4 26.Rxd4 Rac8 27.Bd3 h4 28.Nf1 Nxb3
29.Rxd6 Ndc5 30.Bxb5 Rxe4 31.Rxe4 Nxe4 32.Rb6 Bd5 33.f3 Nc3 34.Ba6 Re8 35.Bg5 Nd4
36.Bf6 Nde2+ 37.Kh2 Kh7 38.Bxh4 Re6 39.Rxe6 Bxe6 40.Be1 Bd7 41.Ng3 Nxg3 42.Bxc3 Nf5
43.g4 Nd6 44.Bd3 Be6 45.Kg3 Ne8 46.h4 Kg8 47.Kf4 Nc7 48.Kg5 Ne8 49.Be5 Bd5
50.Be4 Bb3 51.f4 Bd1 52.f5 f6+ 53.Bxf6 gxf5 54.Bxf5 Nxf6 55.Kxf6 Bxg4  1/2-1/2

[Event "XXXII Crespi Memorial"]
[Site "Milano ITA"]
[Date "2011.12.06"]
[Round "4"]
[White "Solodovnichenko,Y"]
[Black "Bellia,F"]
[Result "1-0"]
[WhiteElo "2629"]
[BlackElo "2418"]

1.e4 e5 2.Nf3 Nc6 3.Bb5 a6 4.Ba4 Nf6 5.O-O Be7 6.Re1 b5 7.Bb3 d6 8.c3 O-O
9.h3 Bb7 10.d4 Re8 11.Nbd2 Bf8 12.a3 h6 13.Bc2 Nb8 14.b4 Nbd7 15.Bb2 g6 16.Qb1 Bg7
17.Nb3 Rc8 18.a4 c6 19.dxe5 dxe5 20.c4 c5 21.Nxc5 Nxc5 22.bxc5 b4 23.Bxe5 a5
24.Rd1 Nd7 25.Bxg7 Kxg7 26.Nd4 Rxc5 27.Nb5 Qe7 28.Nd6 Rb8 29.f4 Nb6 30.Bb3 Nc8
31.Qb2+ Kg8 32.e5 Nxd6 33.Rxd6 Qh4 34.Qf2 Qxf2+ 35.Kxf2 Be4 36.Rad1 Rbc8
37.Rd8+ Kg7 38.g4 Rxd8 39.Rxd8 g5 40.Ke3 Bg2 41.Kd4 Rc7 42.f5 f6 43.e6  1-0

[Event "14th Metropolitan IM"]
[Site "Los Angeles USA"]
[Date "2011.12.07"]
[Round "1"]
[White "Akopian,R"]
[Black "Akopyan,H"]
[Result "0-1"]
[WhiteElo "2053"]
[BlackElo "2233"]

1.e4 e5 2.Nf3 Nc6 3.Bb5 a6 4.Ba4 Nf6 5.O-O Be7 6.Re1 b5 7.Bb3 d6 8.c3 O-O
9.h3 Bb7 10.d4 Re8 11.Nbd2 Bf8 12.d5 Na5 13.Bc2 c6 14.b4 Nc4 15.Nxc4 bxc4
16.dxc6 Bxc6 17.a4 h6 18.a5 Qc7 19.Qe2 d5 20.exd5 Bxd5 21.Ba4 Re6 22.Be3 Qb7
23.Rad1 Ne4 24.Qc2 Nxc3 25.Qxc3 Bxb4 26.Qb2 Bxf3 27.Rd7 Qe4 28.Qxb4 Rg6 29.g3 Bh1
30.Kf1 Rxg3 31.Qc5 Qf3  0-1

[Event "V Stadium Casablanca Open"]
[Site "Zaragoza ESP"]
[Date "2011.12.28"]
[Round "6"]
[White "Hernandez Estevez,Y"]
[Black "Bellia,F"]
[Result "0-1"]
[WhiteElo "2284"]
[BlackElo "2418"]

1.e4 e5 2.Nf3 Nc6 3.Bb5 a6 4.Ba4 Nf6 5.O-O Be7 6.Re1 b5 7.Bb3 d6 8.c3 O-O
9.h3 Bb7 10.d4 Re8 11.Nbd2 Bf8 12.a4 h6 13.d5 Nb8 14.Qe2 Nbd7 15.axb5 axb5
16.Rxa8 Qxa8 17.Qxb5 Ba6 18.Qa5 Nc5 19.Bc2 Bd3 20.Qxa8 Rxa8 21.Bxd3 Nxd3
22.Rd1 Ra2 23.Ne1 Nxb2 24.Bxb2 Rxb2 25.g3 g6 26.Kg2 h5 27.Kf3 Bh6 28.Nb1 Ra2
29.Nd3 Nxe4 30.Kxe4 f5+ 31.Kf3 e4+ 32.Kg2 exd3 33.Rxd3 Ra1 34.Rd1 Kf7 35.h4 f4
36.Kf3 fxg3 37.fxg3 Bg7 38.Ke4 Be5 39.Kf3 Kg7 40.c4 g5 41.Rg1 g4+ 42.Ke3 Kg6
43.Kd3 Bxg3 44.Rxg3 Rxb1 45.Ke4 Re1+ 46.Kd3 Rh1  0-1

[Event "V Stadium Casablanca Open"]
[Site "Zaragoza ESP"]
[Date "2011.12.31"]
[Round "9"]
[White "Korneev,O"]
[Black "Bellia,F"]
[Result "1-0"]
[WhiteElo "2608"]
[BlackElo "2418"]

1.e4 e5 2.Nf3 Nc6 3.Bb5 a6 4.Ba4 Nf6 5.O-O Be7 6.Re1 b5 7.Bb3 d6 8.c3 O-O
9.h3 Bb7 10.d4 Re8 11.Nbd2 Bf8 12.d5 Nb8 13.Nf1 Nbd7 14.N3h2 Nc5 15.Bc2 c6
16.b4 Ncd7 17.dxc6 Bxc6 18.Bg5 h6 19.Bxf6 Nxf6 20.Ng4 Nxg4 21.Qxg4 Re6 22.Bb3 Rf6
23.Qd1 Rg6 24.Bd5 Bxd5 25.Qxd5 Rc8 26.Re3 Qg5 27.Rg3 Qf6 28.Qb7 Rxg3 29.Qxc8 Rd3
30.Qxa6 Rxc3 31.Qxb5 Rc2 32.Qb6 Qh4 33.Ng3 d5 34.exd5 Qf4 35.Rd1 Bc5 36.Qxc5 Rxc5
37.bxc5 Qa4 38.Rc1 Qa3 39.Ne2  1-0

[Event "2nd Mantova Open A 2012"]
[Site "Mantova ITA"]
[Date "2012.01.06"]
[Round "7"]
[White "Dvirnyy,D"]
[Black "Arnaudov,G"]
[Result "1/2-1/2"]
[WhiteElo "2492"]
[BlackElo "2473"]

1.e4 e5 2.Nf3 Nc6 3.Bb5 a6 4.Ba4 Nf6 5.O-O Be7 6.Re1 b5 7.Bb3 d6 8.c3 O-O
9.h3 Bb7 10.d4 Nd7 11.Nbd2 exd4 12.cxd4 Nb4 13.Nf1 c5 14.a3 Nc6 15.d5 Nce5
16.Nxe5 Nxe5  1/2-1/2

[Event "TCh-NED Meesterklasse 2011-12"]
[Site "Netherlands NED"]
[Date "2012.01.07"]
[Round "5.8"]
[White "Hachijan,A"]
[Black "Houtman,J"]
[Result "1-0"]
[WhiteElo "2188"]
[BlackElo "2212"]

1.e4 e5 2.Nf3 Nc6 3.Bb5 a6 4.Ba4 Nf6 5.O-O Be7 6.Re1 b5 7.Bb3 O-O 8.h3 d6
9.c3 Bb7 10.d4 Re8 11.Nbd2 Bf8 12.d5 Nb8 13.Nf1 Nbd7 14.N3h2 Nc5 15.Bc2 c6
16.b4 Ncd7 17.dxc6 Bxc6 18.Bg5 h6 19.Bxf6 Nxf6 20.Ng4 Rc8 21.Nxf6+ Qxf6 22.Bb3 Qg6
23.Qf3 Bd7 24.Red1 Rc7 25.Rd3 Rec8 26.Rad1 Be6 27.Kh2 Bxb3 28.axb3 Qe6 29.Ne3 Rxc3
30.Nd5 R3c6 31.Qh5 g6 32.Qh4 Rc1 33.Rxc1 Rxc1 34.Rf3 g5 35.Qh5 Qg6 36.Qg4 Re1
37.Qc8 Kg7 38.Rf6 Qh5 39.Qf5  1-0

[Event "TCh-FIN SM-Liiga 2011-12"]
[Site "Turku FIN"]
[Date "2012.01.14"]
[Round "7.4"]
[White "Topi Hulmi,T"]
[Black "Westerinen,H"]
[Result "0-1"]
[WhiteElo "2279"]
[BlackElo "2340"]

1.e4 e5 2.Nf3 Nc6 3.Bb5 a6 4.Ba4 Nf6 5.O-O Be7 6.Re1 b5 7.Bb3 d6 8.c3 O-O
9.h3 Bb7 10.d4 h6 11.Nbd2 Re8 12.Bc2 Bf8 13.d5 Ne7 14.b3 g6 15.c4 Bg7 16.Bd3 c6
17.Qe2 cxd5 18.cxd5 Nexd5 19.exd5 e4 20.Nxe4 Nxe4 21.Bb2 Nc5 22.Qxe8+ Qxe8
23.Rxe8+ Rxe8 24.Bxg7 Kxg7 25.Bf1 Bxd5 26.Nd4 Bb7 27.b4 Na4 28.a3 Rc8 29.Rd1 Rc3
30.Bxb5 axb5 31.Nxb5 Rb3 32.Rxd6 Be4 33.Ra6 Bd3 34.Rxa4 Bxb5 35.Ra5 Bd7 36.Ra7 Be6
37.Kh2 Kf6 38.Ra5 Bd7 39.f3 Ke7 40.Kg3 Rb2 41.h4 h5 42.Kh2 Kd6 43.Ra7 Be6
44.Ra5 Kc6 45.Kg1 Kb6 46.Rg5 Ra2 47.Ra5 Bc4 48.Ra8 Ba6 49.Rf8 Rxa3 50.Rxf7 Bd3
51.g4 Kb5 52.Rb7+ Kc4 53.Rh7 hxg4 54.fxg4 Kxb4 55.h5 gxh5 56.Rxh5 Kc4 57.Kf2 Kd4
58.Rh8 Be4 59.Rf8 Ke5 60.Rf7 Bd5 61.Rf8 Be6 62.Rf3 Ra4 63.Re3+ Kd6 64.g5 Bf5
65.Rb3 Ke5 66.g6 Bxg6 67.Ke3 Be4 68.Rc3 Bd5 69.Kd3 Rh4 70.Ke3 Bc4 71.Kf2 Kd4
72.Ra3 Rh2+ 73.Kg3 Rc2 74.Kf3 Bd5+ 75.Kg3 Ke5 76.Ra4 Rg2+ 77.Kh3 Rg8 78.Kh2 Be4
79.Ra7 Bd5 80.Ra4 Rg7 81.Rb4 Be4 82.Rb8 Kf4 83.Rf8+ Bf5 84.Rf6 Ra7 85.Rf8 Kg4
86.Rg8+ Kf3 87.Rg3+ Kf4 88.Rg8 Rh7+ 89.Kg1 Bg4 90.Rf8+ Kg3 91.Rf2 Bf3 92.Rg2+ Kf4
93.Rg8 Ke3 94.Kf1 Ra7 95.Re8+ Be4 96.Kg1 Rh7  0-1

[Event "TCh-BEL 2011-12"]
[Site "Belgium BEL"]
[Date "2012.01.15"]
[Round "6.1"]
[White "Gharamian,T"]
[Black "Wantiez,F"]
[Result "1-0"]
[WhiteElo "2676"]
[BlackElo "2355"]

1.e4 e5 2.Nf3 Nc6 3.Bb5 a6 4.Ba4 Nf6 5.O-O Be7 6.Re1 b5 7.Bb3 d6 8.c3 O-O
9.h3 Bb7 10.d4 Re8 11.Nbd2 Bf8 12.d5 Nb8 13.Nf1 Nbd7 14.Ng3 h6 15.Nh2 Nc5
16.Bc2 c6 17.b4 Ncd7 18.dxc6 Bxc6 19.Bb3 Rc8 20.Qf3 Nb6 21.Nh5 d5 22.Nxf6+ Qxf6
23.Qxf6 gxf6 24.Ng4 Bg7 25.Be3 h5 26.Bxb6 hxg4 27.exd5 Bd7 28.hxg4 Rxc3 29.d6 Bh6
30.Rad1 Rec8 31.f3 Kf8 32.Kf2 Rc1 33.Bc7 Rc3 34.Re2 Ke8 35.Rh1 Bg7 36.Re3 R8xc7
37.dxc7 Rxc7 38.Rd3 Be6 39.Bxe6 fxe6 40.Rd6 Rc2+ 41.Kg3 Rxa2 42.Rh7 Bf8 43.Rb6 Rd2
44.Rxe6+  1-0

[Event "10th Parsvnath Open"]
[Site "New Delhi IND"]
[Date "2012.01.15"]
[Round "1.3"]
[White "Shetye,Sh"]
[Black "Kravtsiv,M"]
[Result "0-1"]
[WhiteElo "1850"]
[BlackElo "2602"]

1.e4 e5 2.Nf3 Nc6 3.Bb5 a6 4.Ba4 Nf6 5.O-O Be7 6.Re1 b5 7.Bb3 d6 8.c3 O-O
9.h3 Bb7 10.d3 Na5 11.Bc2 c5 12.Nbd2 Re8 13.Nf1 Bf8 14.Ng3 g6 15.d4 Qc7 16.d5 Nc4
17.Nh2 Bg7 18.Ng4 Nxg4 19.hxg4 Nb6 20.g5 f6 21.Qg4 Rf8 22.gxf6 Bc8 23.Qh4 Bxf6
24.Bg5 Qg7 25.Bxf6 Rxf6 26.Qg5 Bd7 27.Bd3 Raf8 28.f3 Na4 29.Qd2 c4 30.b3 Nc5
31.bxc4 h5 32.Bc2 h4 33.Nf1 h3 34.Nh2 g5 35.Rf1 hxg2 36.Qxg2 bxc4 37.Rab1 Rf4
38.Ng4 Bxg4 39.fxg4 Qa7 40.Kh2 Kg7 41.Rxf4 Rh8+ 42.Kg3 exf4+ 43.Kf3 Nd7 44.Qf2 Ne5+  0-1

[Event "11th Prague Open A"]
[Site "Prague CZE"]
[Date "2012.01.17"]
[Round "5"]
[White "Racz,Z"]
[Black "Fox,An"]
[Result "1/2-1/2"]
[WhiteElo "2291"]
[BlackElo "2077"]

1.e4 e5 2.Nf3 Nc6 3.Bb5 a6 4.Ba4 Nf6 5.O-O Be7 6.Re1 b5 7.Bb3 d6 8.c3 O-O
9.h3 Bb7 10.d4 Re8 11.Nbd2 Bf8 12.a3 h6 13.Bc2 Nb8 14.a4 Nbd7 15.Bd3 c6 16.b3 Qc7
17.Bb2 g6 18.Qc2 Bg7 19.Bf1 Nh5 20.g3 Qb6 21.b4 c5 22.Nb3 cxb4 23.cxb4 bxa4
24.Na5 exd4 25.Nxb7 Qxb7 26.Rxa4 d5 27.exd5 Qxd5 28.Rxe8+ Rxe8 29.Qd3 Nxg3
30.Ra5 Qb7 31.fxg3 Re3 32.Qxa6 Qxa6 33.Rxa6 Rxf3 34.Rd6 Rxg3+ 35.Kf2 Rb3
36.Bxd4 Bxd4+ 37.Rxd4 Ne5 38.b5 Kg7 39.Rd6 Rb4 40.b6 Nc4 41.Bxc4 Rxc4 42.b7 Rb4
43.Rd7 g5 44.Rc7 h5 45.Kf3 Kg6 46.Kg3 Rb3+ 47.Kg2 f6 48.Kf2 h4 49.Kg2 Kf5
50.Kh2 Rb4 51.Kg1 Ke5 52.Kf1 f5 53.Kg1 g4 54.hxg4 fxg4 55.Rc4 Rb1+ 56.Kg2 Rb2+
57.Kg1 Kf5 58.Rc5+ Ke6 59.Rg5 Rb1+ 60.Kg2 g3 61.Rg4 Rb2+ 62.Kg1 Rb1+ 63.Kg2 Rb2+
64.Kg1 Kf5 65.Rxh4 Rxb7 66.Kg2 Kg5 67.Ra4 Rb3  1/2-1/2

[Event "Moscow Open A 2012"]
[Site "Moscow RUS"]
[Date "2012.01.30"]
[Round "3"]
[White "Gabrielian,A"]
[Black "Iordachescu,V"]
[Result "0-1"]
[WhiteElo "2545"]
[BlackElo "2651"]

1.e4 e5 2.Nf3 Nc6 3.Bb5 a6 4.Ba4 Nf6 5.O-O Be7 6.Re1 b5 7.Bb3 d6 8.c3 O-O
9.h3 Bb7 10.d4 Nd7 11.Nbd2 exd4 12.cxd4 Bf6 13.Nf1 Na5 14.Bc2 Re8 15.Ng3 g6
16.d5 c6 17.dxc6 Nxc6 18.a3 Nde5 19.Nxe5 Bxe5 20.Ne2 Rc8 21.Rb1 Na5 22.b3 Rxc2
23.Qxc2 Bxe4 24.Qxe4 Bh2+ 25.Kxh2 Rxe4 26.Bd2 d5 27.f3 Re8 28.Nd4 Rxe1 29.Rxe1 Qd6+
30.Kh1 Nc6 31.Bh6 Qd7 32.Ne2 f6 33.Nc3 Kf7 34.Rd1 d4 35.Ne4 g5 36.b4 Kg6
37.Bf8 f5 38.Nc5 Qe8 39.Bd6 Qe2 40.Rc1 Qe3 41.Nd3 Qxd3 42.Rxc6 Kf7 43.Rxa6 Qd1+
44.Kh2 d3 45.Bc5 Qe2 46.Ra7+ Ke8  0-1

[Event "ch-TUR 2012"]
[Site "Kemer TUR"]
[Date "2012.01.31"]
[Round "4"]
[White "Ali Marandi,C"]
[Black "Koksal,E"]
[Result "1-0"]
[WhiteElo "2292"]
[BlackElo "2121"]

1.e4 e5 2.Nf3 Nc6 3.Bb5 a6 4.Ba4 Nf6 5.O-O Be7 6.Re1 b5 7.Bb3 d6 8.c3 O-O
9.h3 Bb7 10.d4 Re8 11.Nbd2 Bf8 12.Ng5 Re7 13.d5 Nb8 14.Nf1 h6 15.Nf3 Nbd7
16.Bc2 Re8 17.Be3 c6 18.dxc6 Bxc6 19.Ng3 Nc5 20.Qe2 Qc7 21.Rad1 g6 22.Bxc5 dxc5
23.Rd2 c4 24.Red1 Nd7 25.Nf1 Nc5 26.Ne3 Qa5 27.Nd5 Bxd5 28.Rxd5 Qxa2 29.Bb1 Qa1
30.Nxe5 Na4 31.Qf3 Ra7 32.Nd7 Bg7 33.Nf6+ Bxf6 34.Qxf6 Rae7 35.Rd8 Re6 36.Rxe8+ Rxe8
37.e5 Nc5 38.Bc2 Qxb2 39.Bxg6 fxg6 40.Qxg6+ Kf8 41.Qxh6+ Kf7 42.Qf6+ Kg8
43.Rd4 Ne4 44.Qg6+ Kf8 45.Rxe4 Qc1+ 46.Kh2 Re7 47.e6  1-0

[Event "ch-TUR 2012"]
[Site "Kemer TUR"]
[Date "2012.02.03"]
[Round "8"]
[White "Yildiz,Huseyin Ertugrul"]
[Black "Civi,Akin"]
[Result "1-0"]
[WhiteElo "1887"]
[BlackElo "1537"]

1.e4 e5 2.Nf3 Nc6 3.Bb5 a6 4.Ba4 Nf6 5.O-O Be7 6.Re1 b5 7.Bb3 O-O 8.h3 d6
9.c3 Bb7 10.d4 Re8 11.Nbd2 Bf8 12.Bc2 g6 13.d5 Na5 14.b4 Nc4 15.Nxc4 bxc4
16.Ba4 Re7 17.Bg5 Bg7 18.Nd2 h6 19.Bxf6 Bxf6 20.Nxc4 Bg7 21.Na5 Bc8 22.Nc6 Qf8
23.Nxe7+ Qxe7 24.Bc6 Rb8 25.a4 f5 26.b5 Qg5 27.bxa6 Bxa6 28.Bd7 Rf8 29.Be6+ Kh7
30.c4 Qh4 31.Qc2 fxe4 32.Rxe4 Rxf2 33.Rxh4 Rxc2 34.Re4 Bxc4 35.a5 Ba6 36.h4 Rc5
37.Ra3 Rb5 38.Kh2 Bf6 39.Rc3 Rc5 40.Rf3 Kg7 41.Rb4 Rb5 42.Rxb5 Bxb5 43.Bc8 e4
44.Re3 Be5+ 45.g3 Bd3 46.a6 Bd4 47.Re1 e3 48.g4 e2 49.Kg3 Bc3 50.Rxe2 Be5+
51.Rxe5 Bxa6 52.Re7+ Kf6 53.Re6+  1-0

[Event "Moscow Open 2012 A"]
[Site "Moscow RUS"]
[Date "2012.02.04"]
[Round "8.28"]
[White "Grigoriants,S RUS"]
[Black "Balashov,Y"]
[Result "1/2-1/2"]
[WhiteElo "2570"]
[BlackElo "2442"]

1.e4 e5 2.Nf3 Nc6 3.Bb5 a6 4.Ba4 Nf6 5.O-O Be7 6.Re1 b5 7.Bb3 d6 8.c3 O-O
9.h3 Bb7 10.d4 Re8 11.Nbd2 Bf8 12.Ng5 Re7 13.d5 Na5 14.Bc2 c6 15.b4 Nc4 16.Nxc4 bxc4
17.dxc6 Bxc6 18.a4 Qc7 19.Qe2 Bb7 20.Nf3 h6 21.Bd2 g6 22.a5 Bg7 23.Be3 d5
24.Bb6 Qc8 25.Bc5 Re8 26.exd5 e4 27.Nd2 Nxd5 28.Nxc4 Nxc3 29.Qf1 Bc6 30.Nd6 Bb5
31.Qxb5 Nxb5 32.Nxc8 Raxc8 33.Rad1 Bf8 34.Bxf8 Kxf8 35.Ba4 Rb8 36.Bxb5 Rxb5
37.Rd4 f5 38.Rc1 Kf7 39.Rc6 Re6 40.Rd7+ Kf6 41.Rdd6 Rxd6 42.Rxd6+ Ke5 43.Rxg6 Rxb4
44.Rxa6 Rb1+ 45.Kh2 Rb2 46.Kg1 Rb1+ 47.Kh2 Rb2 48.Kg1  1/2-1/2

[Event "Moscow Open 2012 A"]
[Site "Moscow RUS"]
[Date "2012.02.05"]
[Round "9.16"]
[White "Chernobay,A"]
[Black "Svetushkin,D"]
[Result "0-1"]
[WhiteElo "2500"]
[BlackElo "2598"]

1.e4 e5 2.Nf3 Nc6 3.Bb5 a6 4.Ba4 Nf6 5.O-O Be7 6.Re1 b5 7.Bb3 d6 8.c3 O-O
9.h3 Bb7 10.d4 Nd7 11.a3 Na5 12.Ba2 c5 13.Nbd2 c4 14.Nf1 Re8 15.Ng3 Bf8 16.Qc2 h6
17.Be3 Qc7 18.Rad1 Nf6 19.Bb1 g6 20.Nd2 Bg7 21.f4 Re7 22.fxe5 dxe5 23.d5 Ne8
24.Nf3 Nd6 25.Rf1 Nb3 26.Nh2 Bc8 27.Qe2 Re8 28.h4 h5 29.Rf2 Nc5 30.Rdf1 Nd7
31.Bc2 Nf8 32.Bd1 Nh7 33.Kh1 Qd8 34.Bc5 Nb7 35.Rxf7 Nxc5 36.Nxh5 Re7 37.Rxg7+ Rxg7
38.Nxg7 Kxg7 39.Qf2 Qf8 40.Qe3 Qe7 41.h5 Nd3 42.hxg6 Nf6 43.Qg5 Bd7 44.Bg4 Bxg4
45.Nxg4 Rh8+ 46.Kg1 Qc5+ 47.Ne3 Nf4 48.Re1 Rh5 49.Qg3 Nxe4 50.Qf3 Nf6 51.Qf2 Kxg6  0-1

[Event "ch-POL w 2012"]
[Site "Warsaw POL"]
[Date "2012.02.25"]
[Round "8"]
[White "Iwanow,A"]
[Black "Matras Clement,A"]
[Result "0-1"]
[WhiteElo "2180"]
[BlackElo "2305"]

1.e4 e5 2.Nf3 Nc6 3.Bb5 a6 4.Ba4 Nf6 5.O-O b5 6.Bb3 Be7 7.Re1 d6 8.c3 O-O
9.h3 Bb7 10.d4 Re8 11.Nbd2 Bf8 12.a3 h6 13.d5 Nb8 14.Nh2 Nbd7 15.Qf3 Nc5
16.Ba2 c6 17.b4 Ncd7 18.dxc6 Bxc6 19.Ng4 Qe7 20.Nf1 Nxg4 21.hxg4 Qf6 22.Ne3 Qxf3
23.gxf3 Nb6 24.Rd1 Rac8 25.Bb2 Bd7 26.Rac1 Be6 27.Bd5 Rc7 28.Kf1 Rec8 29.Ba1 Be7
30.Rc2 Na4 31.Rd3 g6 32.Nd1 Nb6 33.Ne3 Rd8 34.Rcd2 Nc4 35.Bxc4 bxc4 36.Rd5 Bxd5
37.Nxd5 Rb7 38.a4 Bg5 39.Rd1 f5 40.Kg2 Rf8 41.Bb2 fxe4 42.fxe4 Rbf7 43.Rf1 Rf3
44.b5 axb5 45.axb5 Bh4 46.Ba3 Rxf2+ 47.Rxf2 Rxf2+ 48.Kh3 Bd8 49.Kg3 Rf7 50.Bxd6 Rb7
51.Ne3 Rxb5 52.Nxc4 Bf6 53.Ne3 Rb1 54.Nd5 Kf7 55.c4 Rg1+ 56.Kf3 h5 57.gxh5 gxh5
58.c5 h4 59.Kf2 Rg8 60.Ne3 h3 61.Nf1 Ke6 62.Bc7 Bh4+ 63.Ke2 Rg2+  0-1